banner-ar

وراء الرغيف (هدية من الاديب عبدالفتاح الجمل ) / (Record no. 40898)

MARC details
000 -الفاتح
حقل البيانات ثابتة الطول 00552nam a2200169Ia 4500
008 - عناصر البيانات ثابتة الطول - معلومات عامة
حقل البيانات ثابتة الطول 140319s9999 xx 000 0 ara d
040 ## - مصدر الفهرسة
وكالة الفهرسة الأصلية GCL /
وكالة النسخ GCL
082 04 - رقم تصنيف ديوى العشرى
رقم التصنيف 891.7
رقم المادة غ و
100 1# - المدخل الرئيسى - إسم شخصى
الإسم الشخصى بهيج شعبان (مترجم)
245 10 - بيان العنوان
العنوان وراء الرغيف (هدية من الاديب عبدالفتاح الجمل ) /
بيان المسئوليه,etc بهيج شعبان (مترجم)
700 1# - المدخل الاضافى - اسم شخصى
الإسم الشخصى غوركى، مكسيم
490 ## - بيان السلسلة
عنوان السلسلة قصص انسانيه
رقم المجلد/ التعيين التسلسلي 0
650 04 - المدخل الاضافى بالموضوع-مصطلح موضوعى
مصطلح موضوعي الادب الروسى
650 04 - المدخل الاضافى بالموضوع-مصطلح موضوعى
مصطلح موضوعي القصص الروسية
942 ## - عناصر المدخل الإضافي( كوها)
مصدر التصنيف او مخطط الترفيف Dewey Decimal Classification
Koha [default] item type كتاب
Holdings
حالة التراجع حالة الفقد حالة تلف ليس للاعارة المكان المؤقت الموقع الحالى تاريخ الاكتساب اجمالي اﻻعارات رقم الطلب الباركود تاريخ اخر مشاهدة تاريخ تفعيل السعر نوع وعاء كوها
        مكتبة القاهرة الكبرى مكتبة القاهرة الكبرى 03/26/2014   891.7\غ و 98703 03/26/2014 03/26/2014 كتاب
        مكتبة القاهرة الكبرى مكتبة القاهرة الكبرى 03/26/2014   891.7\غ و 98704 03/26/2014 03/26/2014 كتاب

Powered By

EGPV